00417nam a22001577a 450000500170000000800410001702000270005804000090008504100120009408200150010610000240012124500340014526000480017930000080022765000240023520260511120955.0260511b |||||||| |||| 00| 0 eng d a9780852244517c4124.69 aMAIN aEnglish a414.8bABE a Abercrombie, David aElements of General Phonetics aEdinburghbEdinburgh University Pressc2000 a203 aEconomics (PM USHA)